000
00191 a2200097 4500
020
_a
0898400503
041
_a
eng
100
_a
Jensen; Margaret
245
_a
First we have coffee
942
_c
BK
999
_c
2962
_d
2962